000 00321nam a2200145 i 4500
001 bg
100 1 _aBIEDA, Karol
245 0 _aRzuty pseudośrodokowe /
_cKarol Bieda.
260 _aKraków,
_c1973.
040 _cBPK
041 _apol
080 _a514.14
942 _cKS
008 s pl f |000 0 pol
999 _c26269
_d26269
856 _uhttp://koha.tu.koszalin.pl/cgi-bin/koha/opac-detail.pl?biblionumber=26269
_yKatalog online BPK